[Event "35th USA-Ch"]
[Site "Long Beach USA"]
[Date "1989.??.??"]
[Round "5"]
[White "Ivanov, Alexander"]
[Black "Seirawan, Yasser"]
[Result "0-1"]
[WhiteElo "2460"]
[BlackElo "2585"]
[EventDate "1989.11.??"]
[PlyCount "73"]

1.e4 g6 2.d4 Bg7 3.Nc3 d6 4.Be3 a6 5.h4 Nf6 6.f3 b5 7.Qd2 h6 8.O-O-O Nbd7 
9.g4 Nb6 10.b3 c6 11.Bh3 a5 12.g5 hxg5 13.hxg5 Nfd7 14.Bxd7+ Qxd7 15.Nge2 
Rg8 16.Nf4 a4 17.Kb1 Qa7 18.Rh7 axb3 19.cxb3 Nd7 20.Nce2 Nf8 21.Rh2 Bd7 
22.Nc1 Rh8 23.Rxh8 Bxh8 24.Qf2 Bg7 25.Nfd3 Qa3 26.Rd2 Ne6 27.d5 cxd5 28.
exd5 Nc7 29.Bd4 Bf8 30.Bb2 Qa5 31.b4 Qa7 32.Qxa7 Rxa7 33.Nf4 Bf5+ 34.Ncd3 
e5 35.dxe6 fxe6 36.Ka1 e5 37.Ng2 0-1

[Event "35th USA-Ch"]
[Site "Long Beach USA"]
[Date "1989.??.??"]
[Round "5"]
[White "Rohde, Michael"]
[Black "Miles, Anthony Jonathan"]
[Result "0-1"]
[WhiteElo "2550"]
[BlackElo "2580"]
[EventDate "1989.11.??"]
[PlyCount "68"]

1.d4 Nf6 2.Nf3 e6 3.c4 b6 4.a3 Ba6 5.Nbd2 Bb7 6.Qc2 d5 7.cxd5 exd5 8.g3 
Bd6 9.Bg2 Nbd7 10.O-O O-O 11.Nh4 Re8 12.Nc4 Bf8 13.Bf4 Ne4 14.Ne5 Nxe5 15.
dxe5 g5 16.Bxe4 dxe4 17.Rad1 Qe7 18.Nf5 Qe6 19.Nd4 Qh3 20.Bxg5 Rxe5 21.Bh4
Bd6 22.f4 Rc5 23.Qa4 b5 24.Qb3 e3 25.Nf3 Re8 26.Rd3 Rh5 27.Qc3 Re6 28.Rxd6
cxd6 29.Qc7 Bxf3 30.Rxf3 Rc5 31.Qd8+ Kg7 32.Rf1 Rg6 33.Qe7 Rh5 34.Qxe3 
Qxh4 0-1

[Event "35th USA-Ch"]
[Site "Long Beach USA"]
[Date "1989.??.??"]
[Round "6"]
[White "Benjamin, Joel"]
[Black "Gurevich, Dmitry"]
[Result "1-0"]
[WhiteElo "2530"]
[BlackElo "2490"]
[EventDate "1989.11.??"]
[PlyCount "93"]

1.d4 f5 2.Nc3 d5 3.Bg5 c6 4.Qd3 Qc7 5.O-O-O h6 6.Qh3 e6 7.e3 Bd6 8.Bd3 Ne7
9.Qh5+ g6 10.Qh4 Nd7 11.Nh3 Nf8 12.f3 Rh7 13.Bf4 Bd7 14.e4 dxe4 15.fxe4 
O-O-O 16.Rhe1 Bxf4+ 17.Qxf4 g5 18.Qf2 Nfg6 19.d5 exd5 20.exf5 Ne5 21.f6 
Nxd3+ 22.Rxd3 Ng6 23.Qxa7 b6 24.Qa3 Bxh3 25.Rxh3 Nf4 26.Rhe3 Ng6 27.Nb5 
Qb8 28.Nd4 Kb7 29.Ne6 Rhd7 30.Nc5+ bxc5 31.Rb3+ Kc7 32.Rxb8 Rxb8 33.Qxc5 
Rb5 34.Qa7+ Kd6 35.Qa3+ Kc7 36.g3 d4 37.Qa7+ Kc8 38.Qa8+ Kc7 39.Re8 Ne5 
40.Qa7+ Kd6 41.Qxd4+ Rd5 42.Qb4+ c5 43.Qb8+ Kc6 44.Re6+ R5d6 45.Qc8+ Kb5 
46.a4+ Kc4 47.Rxd6 1-0

[Event "35th USA-Ch"]
[Site "Long Beach USA"]
[Date "1989.??.??"]
[Round "6"]
[White "Dlugy, Maxim"]
[Black "Gulko, Boris"]
[Result "1/2-1/2"]
[WhiteElo "2530"]
[BlackElo "2610"]
[EventDate "1989.11.??"]
[PlyCount "34"]

1.d4 d5 2.c4 dxc4 3.e3 Nf6 4.Bxc4 e6 5.Nf3 c5 6.dxc5 Bxc5 7.Qxd8+ Kxd8 8.
a3 a6 9.b4 Ba7 10.Bb2 b5 11.Bd3 Bb7 12.Nbd2 Nbd7 13.Ke2 Ke7 14.Rac1 Rac8 
15.Rhg1 Rxc1 16.Rxc1 Rc8 17.Rxc8 Bxc8 1/2-1/2

[Event "35th USA-Ch"]
[Site "Long Beach USA"]
[Date "1989.??.??"]
[Round "6"]
[White "Ivanov, Igor"]
[Black "Rohde, Michael"]
[Result "1/2-1/2"]
[WhiteElo "2505"]
[BlackElo "2550"]
[EventDate "1989.11.??"]
[PlyCount "120"]

1.Nf3 Nf6 2.c4 e6 3.g3 a6 4.Bg2 b5 5.Ne5 Ra7 6.b3 Bb7 7.Bxb7 Rxb7 8.O-O d6
9.Nf3 g6 10.d3 Bg7 11.Bb2 bxc4 12.dxc4 O-O 13.Nc3 Nbd7 14.Qc2 e5 15.Rad1 
Re8 16.Nd2 e4 17.f3 exf3 18.exf3 Nc5 19.Ba3 Qe7 20.Kg2 Rbb8 21.Bxc5 dxc5 
22.Rf2 Rbd8 23.Nf1 Nh5 24.Re2 Qg5 25.Rxd8 Qxd8 26.Rxe8+ Qxe8 27.Qe4 Qd8 
28.Nd5 Kf8 29.f4 c6 30.Nde3 Qd6 31.Kf3 Bd4 32.Nc2 Bb2 33.Qe2 Nf6 34.Ne1 
Bd4 35.Nd3 Qd7 36.Kg2 Qf5 37.h3 h5 38.Nd2 a5 39.Nf3 Ne4 40.Nh4 Qe6 41.f5 
gxf5 42.Nf4 Qf6 43.Qxh5 Ng5 44.Nf3 Ne4 45.Qh4 Qd6 46.Qh7 Qf6 47.Qh4 Qd6 
48.Qh5 Qf6 49.Nd3 Qd6 50.Nde5 Bxe5 51.Qxf5 Bxg3 52.Qxe4 Bf4 53.Qf5 Qg6+ 
54.Qxg6 fxg6 55.Nh4 Kf7 56.Kf3 Bg5 57.Ng2 Be7 58.Ke4 Bd6 59.Nf4 Kf6 60.h4 
Bb8 1/2-1/2

[Event "35th USA-Ch"]
[Site "Long Beach USA"]
[Date "1989.??.??"]
[Round "6"]
[White "Kudrin, Sergey"]
[Black "De Firmian, Nick"]
[Result "1/2-1/2"]
[WhiteElo "2570"]
[BlackElo "2595"]
[EventDate "1989.11.??"]
[PlyCount "80"]

1.e4 c5 2.Nf3 d6 3.d4 cxd4 4.Nxd4 Nf6 5.Nc3 a6 6.a4 Nc6 7.Bc4 e6 8.O-O Be7
9.Be3 O-O 10.Kh1 Bd7 11.Qe2 Rc8 12.Rad1 Qc7 13.Ba2 Nxd4 14.Bxd4 Qa5 15.Bb3
e5 16.Be3 h6 17.f3 Be6 18.Rd3 b5 19.axb5 axb5 20.Nd5 Nxd5 21.Bxd5 b4 22.
Rfd1 Bxd5 23.Rxd5 Qa2 24.Bc1 Rc6 25.Qb5 Rxc2 26.Qxb4 Rfc8 27.Qe1 Qc4 28.
Bd2 Rxb2 29.Rc1 Rc2 30.Rxc2 Qxc2 31.h3 Rb8 32.Bb4 Rb6 33.Kh2 Bg5 34.Rxd6 
Bf4+ 35.Kg1 Rxd6 36.Bxd6 Qc6 37.Bb4 Qb6+ 38.Kh1 h5 39.Bd2 Bxd2 40.Qxd2 Qc5
1/2-1/2

[Event "35th USA-Ch"]
[Site "Long Beach USA"]
[Date "1989.??.??"]
[Round "6"]
[White "Miles, Anthony Jonathan"]
[Black "Ivanov, Alexander"]
[Result "1/2-1/2"]
[WhiteElo "2580"]
[BlackElo "2460"]
[EventDate "1989.11.??"]
[PlyCount "86"]

1.c4 e5 2.Nc3 Nc6 3.Nf3 f5 4.d4 e4 5.Ne5 Nf6 6.Bg5 Be7 7.e3 d6 8.Nxc6 bxc6
9.Qa4 Bd7 10.c5 a5 11.Bc4 d5 12.Be2 O-O 13.h4 Ng4 14.Bxe7 Qxe7 15.g3 Rfb8 
16.Qc2 Bc8 17.Bxg4 fxg4 18.O-O-O Ba6 19.Rd2 h5 20.Ne2 Bxe2 21.Rxe2 Rb4 22.
Kb1 a4 23.Rc1 Qd8 24.Qd1 Qb8 25.Rc3 Qb7 26.Rec2 Rb8 27.Qe2 Kh7 28.Rd2 Kh6 
29.Ka1 g5 30.hxg5+ Kxg5 31.Kb1 Rh8 32.Rc1 Qb5 33.Qe1 Kg6 34.Ka1 Rb8 35.Rb1
Rb3 36.Qd1 Qa5 37.Qc2 Qa6 38.Rh1 R3b4 39.Qc1 Qb5 40.Rc2 Qb7 41.Qd2 Qc8 42.
Qe2 R4b5 43.Qd1 Rb4 1/2-1/2

[Event "35th USA-Ch"]
[Site "Long Beach USA"]
[Date "1989.??.??"]
[Round "6"]
[White "Seirawan, Yasser"]
[Black "Browne, Walter Shawn"]
[Result "1-0"]
[WhiteElo "2585"]
[BlackElo "2555"]
[EventDate "1989.11.??"]
[PlyCount "68"]

1.d4 Nf6 2.c4 e6 3.g3 Bb4+ 4.Bd2 Be7 5.Bg2 d5 6.Bc3 O-O 7.Nd2 c5 8.Ngf3 
cxd4 9.Bxd4 Nc6 10.cxd5 Nxd5 11.O-O Nxd4 12.Nxd4 Nf4 13.gxf4 Qxd4 14.e3 
Qxb2 15.Nc4 Qb4 16.Qc2 Bd7 17.Rfb1 Qc5 18.Rxb7 Rad8 19.Rc1 Bc8 20.Rbb1 f6 
21.Qe4 Qh5 22.Qf3 Qxf3 23.Bxf3 Ba6 24.Na5 Rd2 25.a4 Ra2 26.Nc6 Bd6 27.Nd4 
Rxa4 28.Nxe6 Rc8 29.Rd1 Bf8 30.Rd7 Bc4 31.Bd5 Bxd5 32.Rxd5 Rac4 33.Rb7 
Rc1+ 34.Kg2 Re8 1-0

[Event "35th USA-Ch"]
[Site "Long Beach USA"]
[Date "1989.??.??"]
[Round "7"]
[White "Alburt, Lev"]
[Black "Benjamin, Joel"]
[Result "0-1"]
[WhiteElo "2530"]
[BlackElo "2530"]
[EventDate "1989.11.??"]
[PlyCount "156"]

1.d4 d6 2.Nf3 Nf6 3.c4 g6 4.Nc3 Bf5 5.Nh4 Bd7 6.e4 e5 7.Nf3 Nc6 8.d5 Ne7 
9.c5 Bg7 10.Qb3 Qb8 11.Be2 O-O 12.cxd6 cxd6 13.Nd2 Nh5 14.Qd1 f5 15.Bxh5 
gxh5 16.Qxh5 b5 17.Qg5 Ng6 18.a3 Nf4 19.O-O Rf6 20.Kh1 Qf8 21.exf5 Bxf5 
22.Nde4 Rg6 23.Bxf4 Rxg5 24.Bxg5 h6 25.Be3 a5 26.f3 Rb8 27.Rfc1 Bd7 28.Ne2
Rb7 29.Bd2 Bf6 30.Bxa5 Be7 31.Bb4 h5 32.Rc3 h4 33.Rac1 Bf5 34.Rc6 Rd7 35.
N2c3 h3 36.Rg1 Kh7 37.Ng3 hxg2+ 38.Kxg2 Bd3 39.Rd1 Bc2 40.Rd2 Bg6 41.Nxb5 
Qf4 42.Rf2 e4 43.fxe4 Bxe4+ 44.Kg1 Qg5 45.Nc7 Bxd5 46.Nxd5 Qxd5 47.Rc8 Bg5
48.Rc3 Re7 49.Nf1 Rg7 50.Rg3 Bh6 51.Re2 Qd3 52.Rf2 d5 53.Rf6 Qd4+ 54.Rf2 
Rf7 55.Rg2 Bc1 56.Bc3 Qa7 57.Nd2 Rxf2 58.Rxf2 d4 59.Bb4 Bxb2 60.Ne4 d3 61.
Kf1 Bg7 62.Rf3 Qd4 63.Nd2 Qd5 64.Rh3+ Kg8 65.Rf3 Bh6 66.Kf2 Qd4+ 67.Kg2 
Bf4 68.Rf2 Qd5+ 69.Rf3 Kh7 70.Kf2 Qd4+ 71.Kf1 Kg6 72.Rf2 Be3 73.Rf3 Qa1+ 
74.Kg2 Qg1+ 75.Kh3 Kh5 76.Rg3 Qf2 77.Rf3 Qh4+ 78.Kg2 Qg4+ 0-1

[Event "35th USA-Ch"]
[Site "Long Beach USA"]
[Date "1989.??.??"]
[Round "7"]
[White "Browne, Walter Shawn"]
[Black "Miles, Anthony Jonathan"]
[Result "1-0"]
[WhiteElo "2555"]
[BlackElo "2580"]
[EventDate "1989.11.??"]
[PlyCount "91"]

1.d4 Nf6 2.c4 c5 3.d5 e5 4.Nc3 d6 5.e4 Be7 6.g3 O-O 7.Bg2 Ne8 8.Nge2 Na6 
9.O-O Bd7 10.f4 Bf6 11.Be3 Nec7 12.a4 Nb4 13.Qd2 b6 14.f5 a6 15.b3 b5 16.
a5 Ne8 17.h4 Be7 18.Nd1 Nf6 19.Bf3 h6 20.Nf2 Nh7 21.Kg2 Rb8 22.Rh1 Rb7 23.
Ng1 Bf6 24.Be2 Qe7 25.Nf3 bxc4 26.bxc4 h5 27.Ng5 g6 28.g4 hxg4 29.fxg6 
fxg6 30.Nxg4 Bg7 31.Nxh7 Kxh7 32.h5 g5 33.Bxg5 Qe8 34.Raf1 Ba4 35.Rxf8 
Qxf8 36.Rf1 Rf7 37.Rxf7 Qxf7 38.Ne3 Bf6 39.Ng4 Bg7 40.Bd1 Be8 41.Qf2 Nd3 
42.Qxf7 Bxf7 43.h6 Bf8 44.Kg3 Kg6 45.Kh4 Ne1 46.Nxe5+ 1-0

[Event "35th USA-Ch"]
[Site "Long Beach USA"]
[Date "1989.??.??"]
[Round "7"]
[White "De Firmian, Nick"]
[Black "Seirawan, Yasser"]
[Result "1/2-1/2"]
[WhiteElo "2595"]
[BlackElo "2585"]
[EventDate "1989.11.??"]
[PlyCount "29"]

1.e4 e6 2.d4 d5 3.Nc3 Nf6 4.Bg5 Be7 5.e5 Nfd7 6.Bxe7 Qxe7 7.f4 a6 8.Nf3 c5
9.dxc5 Nc6 10.Bd3 Nxc5 11.O-O Bd7 12.Qe2 h6 13.Kh1 O-O 14.Rae1 f5 15.exf6 
1/2-1/2

[Event "35th USA-Ch"]
[Site "Long Beach USA"]
[Date "1989.??.??"]
[Round "7"]
[White "Dzindzichashvili, Roman"]
[Black "Fedorowicz, John"]
[Result "1-0"]
[WhiteElo "2545"]
[BlackElo "2560"]
[EventDate "1989.11.??"]
[PlyCount "121"]

1.d4 Nf6 2.Nf3 g6 3.c4 Bg7 4.g3 c5 5.Bg2 cxd4 6.Nxd4 O-O 7.Nc3 Nc6 8.O-O 
Ng4 9.e3 Nge5 10.b3 d6 11.h3 Qa5 12.Bd2 Nxd4 13.exd4 Nc6 14.Nb5 Qd8 15.d5 
Nb8 16.Bc3 Bxc3 17.Nxc3 Nd7 18.Re1 Nf6 19.Qd4 Bd7 20.Re3 a6 21.Rae1 Re8 
22.a4 Rb8 23.g4 h6 24.Bf3 b5 25.axb5 axb5 26.cxb5 Qb6 27.Qxb6 Rxb6 28.Be2 
Kf8 29.Bc4 Rb7 30.Kg2 e6 31.dxe6 fxe6 32.Bxe6 Bxb5 33.Nxb5 Rxb5 34.Bc4 
Rxe3 35.Rxe3 Re5 36.Rxe5 dxe5 37.Kf3 g5 38.Bd3 Ke7 39.Be4 Kd6 40.b4 Kc7 
41.b5 Ne8 42.Ke3 Nd6 43.Bc6 Kb6 44.Kd3 Kc5 45.Kc3 Nc4 46.Be4 Nd6 47.Bd3 
Nb7 48.Kb3 Nd6 49.Ka4 Nc8 50.Ka5 Nb6 51.Be2 Nd5 52.Bf1 Nb6 53.Ka6 Nd5 54.
Kb7 Nb6 55.Kc7 e4 56.Kd8 Nd5 57.Ke8 e3 58.fxe3 Nxe3 59.Be2 Ng2 60.Kf7 Nf4 
61.Bf1 1-0

[Event "35th USA-Ch"]
[Site "Long Beach USA"]
[Date "1989.??.??"]
[Round "7"]
[White "Gurevich, Dmitry"]
[Black "Kudrin, Sergey"]
[Result "1/2-1/2"]
[WhiteElo "2490"]
[BlackElo "2570"]
[EventDate "1989.11.??"]
[PlyCount "28"]

1.e4 c6 2.d4 d5 3.Nd2 dxe4 4.Nxe4 Nf6 5.Nxf6+ gxf6 6.Nf3 Bg4 7.c3 e6 8.g3 
Nd7 9.Bg2 Qc7 10.O-O O-O-O 11.h3 Bh5 12.b4 Rg8 13.Qa4 a6 14.Qa5 Qxa5 
1/2-1/2

[Event "35th USA-Ch"]
[Site "Long Beach USA"]
[Date "1989.??.??"]
[Round "7"]
[White "Ivanov, Alexander"]
[Black "Ivanov, Igor"]
[Result "1-0"]
[WhiteElo "2460"]
[BlackElo "2505"]
[EventDate "1989.11.??"]
[PlyCount "93"]

1.e4 c5 2.Nf3 e6 3.Nc3 Nc6 4.d4 cxd4 5.Nxd4 Qc7 6.g3 Nf6 7.Ndb5 Qb8 8.Bf4 
e5 9.Bg5 a6 10.Bxf6 gxf6 11.Na3 Bxa3 12.bxa3 Ne7 13.Qf3 Qc7 14.Bg2 d6 15.
O-O Rg8 16.Nd1 Rg6 17.Ne3 Be6 18.c4 Rc8 19.Nd5 Nxd5 20.cxd5 Bd7 21.Qh5 Ke7
22.Bh3 Bxh3 23.Qxh3 Qc2 24.Rfe1 Rc4 25.Qf1 Rxe4 26.Rec1 Qd2 27.Qh3 Rf4 28.
Rc7+ Kf8 29.Rf1 Qxd5 30.Qxh7 Rc4 31.Qh8+ Rg8 32.Qh6+ Rg7 33.Qxf6 Kg8 34.
Rxc4 Qxc4 35.Qxd6 Qe4 36.Qd8+ Kh7 37.Qf6 Qd5 38.Re1 Rg6 39.Qxe5 Qxa2 40.
Qh5+ Kg7 41.Qe5+ Rf6 42.Qg5+ Rg6 43.Qc5 b5 44.Qd4+ Rf6 45.Re4 Kg8 46.Rg4+ 
Rg6 47.Rh4 1-0

[Event "35th USA-Ch"]
[Site "Long Beach USA"]
[Date "1989.??.??"]
[Round "7"]
[White "Rachels, Stuart"]
[Black "Dlugy, Maxim"]
[Result "1/2-1/2"]
[WhiteElo "2385"]
[BlackElo "2530"]
[EventDate "1989.11.??"]
[PlyCount "82"]

1.e4 c5 2.Nf3 d6 3.d4 cxd4 4.Nxd4 Nf6 5.Nc3 Nc6 6.Bg5 e6 7.Qd2 a6 8.O-O-O 
h6 9.Be3 Nxd4 10.Bxd4 b5 11.f4 Bb7 12.Bxf6 gxf6 13.Bd3 b4 14.Ne2 Qb6 15.
Kb1 a5 16.f5 e5 17.Ng3 h5 18.Qe2 h4 19.Nf1 Bh6 20.Nd2 Ke7 21.Nf3 Qe3 22.
Rhe1 Qxe2 23.Rxe2 Bf4 24.Bc4 Rag8 25.b3 Rc8 26.c3 bxc3 27.Kc2 Rc5 28.Kxc3 
Ba6 29.Kd3 Rhc8 30.Rc2 Bb7 31.Nxh4 d5 32.exd5 Bxd5 33.g3 Bg5 34.Rc3 Bxh4 
35.gxh4 Rh8 36.Bxd5 Rxd5+ 37.Ke2 Rxd1 38.Kxd1 Rxh4 39.Rc7+ Ke8 40.Ra7 Rxh2
41.Rxa5 Rf2 1/2-1/2

[Event "35th USA-Ch"]
[Site "Long Beach USA"]
[Date "1989.??.??"]
[Round "7"]
[White "Rohde, Michael"]
[Black "Gulko, Boris"]
[Result "1-0"]
[WhiteElo "2550"]
[BlackElo "2610"]
[EventDate "1989.11.??"]
[PlyCount "109"]

1.e4 e6 2.d4 d5 3.Nd2 c5 4.Ngf3 Nc6 5.Bb5 a6 6.Bxc6+ bxc6 7.c3 Nf6 8.e5 
Nd7 9.O-O Be7 10.Re1 O-O 11.Nf1 Rb8 12.Ng3 cxd4 13.Nxd4 Qc7 14.Qg4 Kh8 15.
Ngf5 exf5 16.Nxf5 Rg8 17.Nxe7 Nxe5 18.Qh4 Re8 19.Bg5 Be6 20.Qf4 Rxe7 21.
Bxe7 Qxe7 22.Qxe5 Rxb2 23.Rab1 Qb7 24.Rxb2 Qxb2 25.h3 h6 26.f4 Qc2 27.Re2 
Qb1+ 28.Kh2 c5 29.Rf2 d4 30.cxd4 cxd4 31.Qxd4 Kh7 32.Rb2 Qa1 33.a4 a5 34.
Qe4+ f5 35.Qd4 Bb3 36.Qe5 Qxa4 37.Qxf5+ Kh8 38.Qe5 Qb4 39.f5 a4 40.f6 Qf8 
41.Rf2 Kg8 42.Rf3 Kh8 43.fxg7+ Qxg7 44.Rf6 Kg8 45.Qe8+ Kh7 46.Qe4+ Kh8 47.
Qf4 Kh7 48.Rc6 Bf7 49.Rc7 Kg8 50.Ra7 Qg6 51.Rxa4 Bd5 52.Qd2 Qd6+ 53.Kh1 
Qe6 54.Rg4+ Kf7 55.Qf4+ 1-0

[Event "35th USA-Ch"]
[Site "Long Beach USA"]
[Date "1989.??.??"]
[Round "8"]
[White "Benjamin, Joel"]
[Black "Dzindzichashvili, Roman"]
[Result "1/2-1/2"]
[WhiteElo "2530"]
[BlackElo "2545"]
[EventDate "1989.11.??"]
[PlyCount "31"]

1.e4 c5 2.Nf3 d6 3.d4 cxd4 4.Nxd4 Nf6 5.Nc3 Nc6 6.Bg5 e6 7.Qd2 a6 8.O-O-O 
h6 9.Be3 Nxd4 10.Qxd4 Qc7 11.f4 b5 12.Be2 Bb7 13.Bf3 Rc8 14.Rhe1 Be7 15.a3
O-O 16.Qb6 1/2-1/2

[Event "35th USA-Ch"]
[Site "Long Beach USA"]
[Date "1989.??.??"]
[Round "8"]
[White "Dlugy, Maxim"]
[Black "Rohde, Michael"]
[Result "1/2-1/2"]
[WhiteElo "2530"]
[BlackElo "2550"]
[EventDate "1989.11.??"]
[PlyCount "81"]

1.d4 d6 2.c4 e5 3.Nf3 e4 4.Ng5 f5 5.Nc3 Nc6 6.Nh3 Nf6 7.Nf4 Be7 8.h4 Bd7 
9.e3 Nb4 10.a3 Na6 11.b4 c6 12.Be2 Nc7 13.d5 O-O 14.Qb3 c5 15.bxc5 dxc5 
16.g3 Bd6 17.a4 Be5 18.Bd2 Na6 19.Rb1 Nb4 20.Nb5 a5 21.Bc3 Qe7 22.Bxe5 
Qxe5 23.Qc3 Qxc3+ 24.Nxc3 Ne8 25.Rg1 Nd6 26.Kd2 Rf6 27.Kc1 Re8 28.Kb2 Nf7 
29.Nb5 Ne5 30.Ra1 Rc8 31.Kc3 g6 32.Raf1 h6 33.f3 exf3 34.Bxf3 Re8 35.Rg2 
Rb6 36.Re2 g5 37.Bh5 Re7 38.Ne6 Bxe6 39.dxe6 Rbxe6 40.Rxf5 gxh4 41.gxh4 
1/2-1/2

[Event "35th USA-Ch"]
[Site "Long Beach USA"]
[Date "1989.??.??"]
[Round "8"]
[White "Fedorowicz, John"]
[Black "Rachels, Stuart"]
[Result "1/2-1/2"]
[WhiteElo "2560"]
[BlackElo "2385"]
[EventDate "1989.11.??"]
[PlyCount "104"]

1.e4 c5 2.Nf3 Nc6 3.d4 cxd4 4.Nxd4 Nf6 5.Nc3 d6 6.Bc4 Qb6 7.Nb3 e6 8.Bg5 
Be7 9.Bxf6 gxf6 10.O-O Bd7 11.Kh1 O-O-O 12.a4 a6 13.Qh5 Ne5 14.Be2 Kb8 15.
a5 Qc7 16.f4 Ng6 17.g3 Rdg8 18.Rad1 Bc6 19.Bf3 Bd8 20.Rd2 Be7 21.Bg2 Rg7 
22.Nd4 Bd7 23.Rd3 Qc4 24.Nce2 Bd8 25.b3 Qb4 26.Ra1 Rgg8 27.c4 Bc8 28.Nc2 
Qc5 29.Qf3 h5 30.b4 Qxc4 31.Rc3 Qb5 32.Ncd4 Qd7 33.Rac1 Be7 34.b5 e5 35.
Rc7 Qxc7 36.Rxc7 Kxc7 37.Nf5 h4 38.Qc3+ Kb8 39.b6 Bd8 40.Nxd6 Bg4 41.h3 
hxg3 42.Kg1 Bd7 43.f5 Nh4 44.Nxf7 Rh7 45.Nxd8 Bb5 46.Ne6 Bxe2 47.Qd2 Nxg2 
48.Nf8 Kc8 49.Qc3+ Kb8 50.Qd2 Kc8 51.Qc1+ Kb8 52.Qd2 Kc8 1/2-1/2

[Event "35th USA-Ch"]
[Site "Long Beach USA"]
[Date "1989.??.??"]
[Round "8"]
[White "Gulko, Boris"]
[Black "Ivanov, Alexander"]
[Result "1/2-1/2"]
[WhiteElo "2610"]
[BlackElo "2460"]
[EventDate "1989.11.??"]
[PlyCount "45"]

1.c4 e5 2.Nc3 Nc6 3.Nf3 f5 4.d4 e4 5.Bg5 Be7 6.Bxe7 Ncxe7 7.Nd2 Nf6 8.e3 
O-O 9.Be2 d6 10.O-O c5 11.Nb3 b6 12.f3 Bb7 13.a4 exf3 14.Bxf3 Bxf3 15.Qxf3
Qd7 16.a5 Rac8 17.axb6 axb6 18.Ra6 Ne4 19.Nxe4 fxe4 20.Qxe4 Rxf1+ 21.Kxf1 
d5 22.Qd3 cxd4 23.Nxd4 1/2-1/2

[Event "35th USA-Ch"]
[Site "Long Beach USA"]
[Date "1989.??.??"]
[Round "8"]
[White "Ivanov, Igor"]
[Black "Browne, Walter Shawn"]
[Result "0-1"]
[WhiteElo "2505"]
[BlackElo "2555"]
[EventDate "1989.11.??"]
[PlyCount "84"]

1.d4 Nf6 2.Nf3 e6 3.Bg5 h6 4.Bxf6 Qxf6 5.e4 d6 6.Bd3 Nc6 7.c3 g5 8.Nbd2 g4
9.Ng1 h5 10.Qb3 Bh6 11.Nc4 e5 12.dxe5 Nxe5 13.Nxe5 dxe5 14.Ne2 h4 15.Rd1 
c6 16.a4 Bg5 17.Bc4 h3 18.g3 Qf3 19.Rg1 O-O 20.Rd6 Kg7 21.Qc2 f5 22.Rf1 
fxe4 23.Ng1 Qg2 24.Qe2 e3 25.fxe3 Bf5 26.Rd2 Qxe2+ 27.Kxe2 Kg6 28.Rd6+ Rf6
29.Rxf6+ Bxf6 30.Bd3 Bxd3+ 31.Kxd3 Rd8+ 32.Kc2 Bg5 33.Re1 Rf8 34.Kd3 Rf2 
35.Ke4 Rxh2 36.Ne2 Rg2 37.Kd3 h2 38.e4 Rf2 39.Rh1 Rf3+ 40.Kc2 Rf2 41.Kd1 
Be3 42.Ke1 Kf6 0-1

[Event "35th USA-Ch"]
[Site "Long Beach USA"]
[Date "1989.??.??"]
[Round "8"]
[White "Kudrin, Sergey"]
[Black "Alburt, Lev"]
[Result "1-0"]
[WhiteElo "2570"]
[BlackElo "2530"]
[EventDate "1989.11.??"]
[PlyCount "135"]

1.e4 Nf6 2.e5 Nd5 3.d4 d6 4.Nf3 g6 5.Bc4 Nb6 6.Bb3 Bg7 7.a4 d5 8.a5 Nc4 9.
Nbd2 c5 10.Bxc4 dxc4 11.Nxc4 cxd4 12.Qxd4 O-O 13.Qh4 Qc7 14.O-O Nc6 15.Bf4
Qd7 16.e6 fxe6 17.Rad1 Qe8 18.Bh6 Bf6 19.Qg3 Rf7 20.Qc7 e5 21.Ncxe5 Bf5 
22.Nxf7 Kxf7 23.c3 Rc8 24.Qxb7 Rb8 25.Qa6 Rxb2 26.Rfe1 Qc8 27.Qc4+ Be6 28.
Qf4 Kg8 29.Nd4 Nxd4 30.cxd4 Rb5 31.Rb1 Qc3 32.Qe3 Qxe3 33.Bxe3 Rxa5 34.Ra1
Rb5 35.Rxa7 Kf7 36.h3 h5 37.Rc7 Rd5 38.Rd1 Rd8 39.Rc5 Bd5 40.Rd2 g5 41.Rb2
Kg6 42.Rbb5 e6 43.Rc7 Ra8 44.Rbc5 Ra1+ 45.Rc1 Ra4 46.Rc8 Bxd4 47.Rg8+ Kf6 
48.Bxg5+ Kf7 49.Rgc8 Ra2 50.R1c2 Ra1+ 51.Rc1 Ra2 52.R1c7+ Kg6 53.Bh4 Ra1+ 
54.Rc1 Ra3 55.Rg8+ Kh7 56.Rg5 Kh6 57.Rg3 Ra4 58.Bg5+ Kh7 59.Be3 Bf6 60.
Rc7+ Kh8 61.Rg6 Be5 62.Rc8+ Kh7 63.Rh6+ Kg7 64.Rxh5 Bb2 65.Rc7+ Kf6 66.Rd7
Be4 67.Rh6+ Bg6 68.g4 1-0

[Event "35th USA-Ch"]
[Site "Long Beach USA"]
[Date "1989.??.??"]
[Round "8"]
[White "Miles, Anthony Jonathan"]
[Black "De Firmian, Nick"]
[Result "1/2-1/2"]
[WhiteElo "2580"]
[BlackElo "2595"]
[EventDate "1989.11.??"]
[PlyCount "90"]

1.d4 Nf6 2.Nf3 e6 3.c4 c5 4.d5 exd5 5.cxd5 d6 6.Nc3 g6 7.e4 a6 8.a4 Bg4 9.
h3 Bxf3 10.Qxf3 Bg7 11.Bd3 O-O 12.O-O Nbd7 13.Qd1 Re8 14.Re1 Rc8 15.a5 c4 
16.Bb1 Nc5 17.Bc2 Nfd7 18.f4 Qh4 19.Bd2 Nd3 20.Bxd3 cxd3 21.Ra3 f5 22.exf5
gxf5 23.Ra1 Nc5 24.Kh2 Rxe1 25.Qxe1 Qxe1 26.Bxe1 Bxc3 27.bxc3 Re8 28.Bf2 
Nb3 29.Rd1 Re2 30.Kg1 d2 31.Kf1 Re4 32.g3 Rc4 33.Ke2 Rxc3 34.Be3 Rc2 35.
Bxd2 Ra2 36.Ke3 Nxd2 37.Rxd2 Rxa5 38.g4 Ra3+ 39.Kd4 Ra4+ 40.Ke3 Ra3+ 41.
Kd4 Rxh3 42.gxf5 Ra3 43.Rc2 Ra4+ 44.Ke3 Rb4 45.Rc7 Rb3+ 1/2-1/2

[Event "35th USA-Ch"]
[Site "Long Beach USA"]
[Date "1989.??.??"]
[Round "8"]
[White "Seirawan, Yasser"]
[Black "Gurevich, Dmitry"]
[Result "1/2-1/2"]
[WhiteElo "2585"]
[BlackElo "2490"]
[EventDate "1989.11.??"]
[PlyCount "119"]

1.d4 f5 2.c4 Nf6 3.Nc3 e6 4.e3 Bb4 5.Bd3 Bxc3+ 6.bxc3 O-O 7.Ne2 b6 8.f3 
Nc6 9.O-O Bb7 10.e4 fxe4 11.fxe4 e5 12.Ng3 d6 13.d5 Na5 14.Nf5 Bc8 15.Bg5 
Bxf5 16.Rxf5 h6 17.Bh4 g6 18.Bxf6 Rxf6 19.Qg4 Kh7 20.Rxf6 Qxf6 21.Rf1 Qg7 
22.c5 Nb7 23.c6 Nc5 24.Qf3 Kg8 25.Bc2 Rf8 26.Qxf8+ Qxf8 27.Rxf8+ Kxf8 28.
Kf2 Kg7 29.h4 Kf6 30.Kf3 Na6 31.Ke3 Nc5 32.Bd1 Kg7 33.Bg4 Kf6 34.g3 Kg7 
35.Bd1 Kf6 36.Bc2 Kg7 37.Kf3 Kf6 38.Kg4 Na6 39.h5 g5 40.Kf3 Nc5 41.Kg4 Na6
42.Kf3 Nc5 43.a3 Na6 44.Bd1 Nc5 45.Ke3 Ke7 46.Bg4 Kf6 47.Bd1 b5 48.Be2 a6 
49.Bd1 Kf7 50.Bc2 g4 51.Bd1 Kf6 52.Bxg4 Na4 53.c4 bxc4 54.Be2 Kg5 55.Bxc4 
a5 56.Be2 Nc3 57.Bf3 Nb1 58.Be2 Nc3 59.Bf3 Nb1 60.Be2 1/2-1/2

[Event "35th USA-Ch"]
[Site "Long Beach USA"]
[Date "1989.??.??"]
[Round "9"]
[White "Browne, Walter Shawn"]
[Black "Gulko, Boris"]
[Result "1/2-1/2"]
[WhiteElo "2555"]
[BlackElo "2610"]
[EventDate "1989.11.??"]
[PlyCount "97"]

1.d4 Nf6 2.c4 e6 3.Nf3 Bb4+ 4.Nbd2 O-O 5.a3 Be7 6.e4 d5 7.Qc2 dxe4 8.Nxe4 
Nxe4 9.Qxe4 Nc6 10.Bd2 f5 11.Qd3 Bf6 12.Bc3 a6 13.Ne5 Nxe5 14.dxe5 Be7 15.
Qxd8 Rxd8 16.Be2 Bd7 17.Bf3 Rab8 18.O-O-O b6 19.Kc2 Bc5 20.Rd2 Ba4+ 21.b3 
Be8 22.Re2 g5 23.h3 Bg6 24.b4 f4+ 25.Kb2 Bd4 26.h4 Bxc3+ 27.Kxc3 Rd3+ 28.
Kb2 gxh4 29.Rxh4 Rd4 30.g3 Rf8 31.Bg4 Kf7 32.Bh3 Ke7 33.gxf4 Rdxf4 34.Rxf4
Rxf4 35.Kc3 Rf3+ 36.Re3 Rxf2 37.c5 Rc2+ 38.Kd4 b5 39.Bf1 Rf2 40.Be2 Rf4+ 
41.Kc3 Re4 42.Rxe4 Bxe4 43.Kd4 Bd5 44.Ke3 h6 45.Kf4 Bg2 46.Bh5 Kd7 47.Ke3 
Bh3 48.Kf4 Bf5 49.Ke3 1/2-1/2

[Event "35th USA-Ch"]
[Site "Long Beach USA"]
[Date "1989.??.??"]
[Round "9"]
[White "De Firmian, Nick"]
[Black "Ivanov, Igor"]
[Result "1-0"]
[WhiteElo "2595"]
[BlackElo "2505"]
[EventDate "1989.11.??"]
[PlyCount "122"]

1.e4 c5 2.Nf3 d6 3.d4 cxd4 4.Nxd4 Nf6 5.Nc3 Nc6 6.Bc4 e6 7.Be3 Be7 8.Qe2 
O-O 9.O-O-O Na5 10.Bd3 a6 11.Nb3 e5 12.Nxa5 Qxa5 13.Bc4 Be6 14.Kb1 Qb4 15.
Nd5 Bxd5 16.exd5 Rac8 17.Bb3 Nd7 18.f3 Nc5 19.c3 Qa5 20.Bc2 Na4 21.g4 b5 
22.g5 Rc4 23.Bb3 Rc7 24.h4 Nb6 25.f4 exf4 26.Bxf4 Nc4 27.Rd4 Rfc8 28.Re4 
Bf8 29.h5 Qb6 30.g6 h6 31.gxf7+ Rxf7 32.Bc2 Rfc7 33.Rxc4 bxc4 34.Qe6+ Rf7 
35.Qxc8 Rxf4 36.Qe6+ Kh8 37.Qg6 Kg8 38.Qe6+ Kh8 39.Qg6 Kg8 40.Re1 Qf2 41.
Qh7+ Kf7 42.Qg6+ Kg8 43.Qe6+ Kh8 44.a4 a5 45.Qe8 Kg8 46.Rd1 Qh4 47.Qe6+ 
Kh8 48.Qg6 Kg8 49.Qe6+ Kh8 50.Qg6 Kg8 51.Ka2 Qf2 52.Qe6+ Kh8 53.Qg6 Kg8 
54.Rg1 Rh4 55.Qe6+ Kh8 56.Qg6 Kg8 57.Rg2 Qf3 58.Qe6+ Kh8 59.Qg6 Kg8 60.
Qe6+ Kh8 61.Rd2 Qf6 1-0

[Event "35th USA-Ch"]
[Site "Long Beach USA"]
[Date "1989.??.??"]
[Round "9"]
[White "Ivanov, Alexander"]
[Black "Rohde, Michael"]
[Result "0-1"]
[WhiteElo "2460"]
[BlackElo "2550"]
[EventDate "1989.11.??"]
[PlyCount "51"]

1.e4 c5 2.Nf3 d6 3.d4 cxd4 4.Nxd4 Nf6 5.Nc3 a6 6.g3 e5 7.Nde2 b5 8.Bg5 Be7
9.Bxf6 Bxf6 10.a4 b4 11.Nd5 Bb7 12.c3 Nc6 13.cxb4 Nxb4 14.Nxb4 Bxe4 15.Rg1
Rb8 16.Qd2 Bg5 17.f4 exf4 18.gxf4 Bh4+ 19.Ng3 O-O 20.a5 Re8 21.Be2 Qc7 22.
Kf1 Qe7 23.Re1 Qf6 24.Nh5 Qe6 25.Rxg7+ Kf8 26.Rd1 0-1

[Event "35th USA-Ch"]
[Site "Long Beach USA"]
[Date "1989.??.??"]
[Round "9"]
[White "Rachels, Stuart"]
[Black "Benjamin, Joel"]
[Result "1/2-1/2"]
[WhiteElo "2385"]
[BlackElo "2530"]
[EventDate "1989.11.??"]
[PlyCount "30"]

1.e4 c5 2.Nf3 Nc6 3.d4 cxd4 4.Nxd4 e5 5.Nb5 d6 6.a4 Be7 7.N1c3 a6 8.Na3 
Be6 9.Bc4 Nf6 10.Bg5 O-O 11.O-O Rc8 12.Bxf6 Bxf6 13.Nd5 Bg5 14.c3 Kh8 15.
Qe2 Bh6 1/2-1/2